|
|
|
|
| LEADER |
00000csc a2200000 a 4500 |
| 001 |
107114 |
| 005 |
20230308213744.0 |
| 008 |
009111|2000 ||||||||r|||||||||||spa|| |
| 020 |
|
|
|a 950126131X
|
| 040 |
|
|
|b spa
|
| 041 |
1 |
|
|a spa
|
| 082 |
0 |
|
|a 370.114
|
| 100 |
1 |
|
|a Bringiotti, María Inés
|9 215268
|
| 245 |
|
|
|a La Escuela ante los niños maltratados
|c María Inés Bringiotti
|h imp
|
| 264 |
|
|
|a Buenos Aires
|b Paidós
|c 2000
|
| 300 |
|
|
|a 246 páginas:
|c 22 cm
|
| 490 |
|
|
|a Paidós Cuestions de Educación
|
| 504 |
|
|
|a incl. ref.
|
| 650 |
|
|
|a Niños maltratados
|9 32193
|
| 650 |
|
|
|a Violencia infantil
|9 95714
|
| 650 |
|
|
|a Violencia familiar
|9 52593
|
| 650 |
|
|
|a Maltrato infantil
|9 8202
|
| 650 |
|
|
|a Educacion en valores
|9 2228
|
| 852 |
|
|
|a UC-CDJBV
|c PRIMER PISO
|f Donación
|k lucia.mora
|l 1
|m General
|p 20091117
|q 10,00
|r 2
|t 107114
|y 266946
|b 0
|d CDRC
|e CDRC
|g 370.114 PRIMER PISO
|z 2009-91-11
|
| 942 |
|
|
|0 1
|
| 999 |
|
|
|c 126705
|d 126705
|